Library of the University of Algiers 3
Ibrahim Sultan Cheibout
شعار جامعة الجزائر 3
مكتبة جامعة الجزائر 3
إبراهيم سلطان شيبوط

تأمينات التجارة الخارجية : (رقم التسجيلة. 44632)

تفاصيل مارك
000 -LEADER
fixed length control field 01254nam a2200241Ia 4500
003 - CONTROL NUMBER IDENTIFIER
control field Ost
005 - DATE AND TIME OF LATEST TRANSACTION
control field 20260507075451.0
008 - FIXED-LENGTH DATA ELEMENTS--GENERAL INFORMATION
fixed length control field 260507s9999||||xx |||||||||||||| ||und||
020 ## - INTERNATIONAL STANDARD BOOK NUMBER
International Standard Book Number 7048379977
040 ## - CATALOGING SOURCE
Transcribing agency fsecg
041 ## - LANGUAGE CODE
Language code of text/sound track or separate title ara
082 ## - DEWEY DECIMAL CLASSIFICATION NUMBER
Classification number 382
100 ## - MAIN ENTRY--PERSONAL NAME
Personal name سيف، طارق جمعة
Relator term مؤلف
245 #0 - TITLE STATEMENT
Title تأمينات التجارة الخارجية :
Remainder of title تأمين إئتمان الصادرات- ضمان سداد الضرائب الجمركية- تأمينات رفض السلطات /
Statement of responsibility, etc. طارق جمعة سيف
260 ## - PUBLICATION, DISTRIBUTION, ETC.
Place of publication, distribution, etc. الاسكندرية:
Name of publisher, distributor, etc. دار الفكر الجامعي,
Date of publication, distribution, etc. 2008
300 ## - PHYSICAL DESCRIPTION
Extent 211 صفحة؛
Dimensions 24 سم
520 ## - SUMMARY, ETC.
Summary, etc. يتضمن هذا الكتاب : مقدمة أساسية ، تأمين ائتمان الصادرات نطاقه طبيعته خصائصه ، تحليل شروط ووثائق ائتمان الصادرات اكتتاب تأمين الصادرات ، سندات ضمان الضرائب الجمركية لبضائع النظم الجمركية الخاصة ، تأمينات رفض السلطات
653 ## - INDEX TERM--UNCONTROLLED
Uncontrolled term التامين الصادرات
653 ## - INDEX TERM--UNCONTROLLED
Uncontrolled term التامينات
653 ## - INDEX TERM--UNCONTROLLED
Uncontrolled term التجارة خارجية
653 ## - INDEX TERM--UNCONTROLLED
Uncontrolled term الضرائب الجمركية
942 ## - ADDED ENTRY ELEMENTS (KOHA)
Koha item type كتب
المقتنيات
Withdrawn status Lost status Source of classification or shelving scheme Damaged status Not for loan Home library Current library Date acquired Serial enumeration / chronology Inventory number Total checkouts Full call number Barcode Date last seen Price effective from Koha item type
    Dewey Decimal Classification   NOT LOAN / إعارة داخلية مكتبة كلية العلوم الإقتصادية والعلوم التجارية وعلوم التسيير مكتبة كلية العلوم الإقتصادية والعلوم التجارية وعلوم التسيير 07/05/2026 الطابق الأرضي 4227   أ/2865ن1 4227 07/05/2026 07/05/2026 كتب
    Dewey Decimal Classification   Available مكتبة كلية العلوم الإقتصادية والعلوم التجارية وعلوم التسيير مكتبة كلية العلوم الإقتصادية والعلوم التجارية وعلوم التسيير 07/05/2026 الطابق الأرضي 4228   أ/2865ن2 4228 07/05/2026 07/05/2026 كتب
    Dewey Decimal Classification   Available مكتبة كلية العلوم الإقتصادية والعلوم التجارية وعلوم التسيير مكتبة كلية العلوم الإقتصادية والعلوم التجارية وعلوم التسيير 07/05/2026 الطابق الأرضي 4229   أ/2865ن3 4229 07/05/2026 07/05/2026 كتب
    Dewey Decimal Classification   Available مكتبة كلية العلوم الإقتصادية والعلوم التجارية وعلوم التسيير مكتبة كلية العلوم الإقتصادية والعلوم التجارية وعلوم التسيير 07/05/2026 الطابق الثاني 4230   أ/2865ن4 4230 07/05/2026 07/05/2026 كتب
    Dewey Decimal Classification   Available مكتبة كلية العلوم الإقتصادية والعلوم التجارية وعلوم التسيير مكتبة كلية العلوم الإقتصادية والعلوم التجارية وعلوم التسيير 07/05/2026 الطابق الثاني 4231   أ/2865ن5 4231 07/05/2026 07/05/2026 كتب
    Dewey Decimal Classification   Available مكتبة كلية العلوم الإقتصادية والعلوم التجارية وعلوم التسيير مكتبة كلية العلوم الإقتصادية والعلوم التجارية وعلوم التسيير 07/05/2026 مكتبة بن عكنون 4232   أ/2865ن6 4232 07/05/2026 07/05/2026 كتب
    Dewey Decimal Classification   Available مكتبة كلية العلوم الإقتصادية والعلوم التجارية وعلوم التسيير مكتبة كلية العلوم الإقتصادية والعلوم التجارية وعلوم التسيير 07/05/2026 مكتبة بن عكنون 4233   أ/2865ن7 4233 07/05/2026 07/05/2026 كتب
    Dewey Decimal Classification   Available مكتبة كلية العلوم الإقتصادية والعلوم التجارية وعلوم التسيير مكتبة كلية العلوم الإقتصادية والعلوم التجارية وعلوم التسيير 07/05/2026 مكتبة بن عكنون 4234   أ/2865ن8 4234 07/05/2026 07/05/2026 كتب

موارد الويب المفتوحة


© University of Algiers 3 All Rights Reserved
|
Implemented by LECHELAH Riad